| 000 | 00415nam a2200169Ia 4500 | ||
|---|---|---|---|
| 001 | 13517 | ||
| 005 | 20260306164807.0 | ||
| 008 | 260306t9999||||xx |||||||||||||| ||spa|| | ||
| 041 | _aESP | ||
| 082 |
_a004.6 _bH17 |
||
| 100 |
_aHalsall, Fred _eAUT |
||
| 245 | 0 | _aComunicación de datos, redes de computadores y sistemas abiertos | |
| 300 |
_a _c |
||
| 650 | _aGEN | ||
| 654 | _aCCC | ||
| 942 |
_cLIB _dJUS _fJUS _2ddc _n |
||
| 999 |
_c13517 _d13517 |
||